[Event "Bundesliga 8283"]
[Site "Germany"]
[Date "1983.??.??"]
[Round "?"]
[White "Bassler, Markus"]
[Black "Schmidt, Bodo"]
[Result "0-1"]
[WhiteElo "2235"]
[BlackElo "2355"]

1.Nf3 d5 2.g3 c6 3.Bg2 Bg4 4.O-O e6 5.d3 Bc5 6.Nbd2 Ne7 7.b3 O-O 8.Bb2 a5
9.c4 Nd7 10.Qc2 Rc8 11.a3 b5 12.e4 Re8 13.h3 Bh5 14.Qc3 f6 15.b4 Bb6 16.c5 Bc7
17.Nd4 Bf7 18.exd5 exd5 19.f4 Nf8 20.Rae1 Qd7 21.N2f3 Ne6 22.Nh4 Nxd4 23.Qxd4 Ng6
24.Nf3 Rxe1 25.Rxe1 Re8 26.Rxe8+ Qxe8 27.Kf2 Ne7 28.Qe3 Nf5 29.Qxe8+ Bxe8
30.g4 Ne7 31.f5 Kf7 32.Ke3 Bd7 33.Bc3 a4 34.Be1 h5 35.Ng1 hxg4 36.hxg4 g6
37.fxg6+ Nxg6 38.Ne2 Bxg4 39.Nd4 Bf4+ 40.Kf2 Bd7 41.Ne2 Bg5 42.Bc3 Ne5 43.d4 Nc4  0-1

[Event "Bundesliga 8283"]
[Site "Germany"]
[Date "1983.??.??"]
[Round "?"]
[White "Bialas, Wolfram"]
[Black "Strobel, Walter"]
[Result "1-0"]
[WhiteElo "2345"]
[BlackElo "2275"]

1.Nf3 d5 2.g3 Nf6 3.Bg2 c6 4.O-O Bf5 5.d3 h6 6.b3 e6 7.Bb2 Be7 8.Nbd2 O-O
9.c4 a5 10.a3 Nbd7 11.Qc2 Bh7 12.Rac1 Qb8 13.Qc3 Rc8 14.cxd5 cxd5 15.Qd4 Qd6
16.Rfe1 Ne8 17.e4 dxe4 18.dxe4 Nc5 19.Re3 Qxd4 20.Nxd4 Rd8 21.Nc4 Nf6 22.f3 a4
23.b4 Ncd7 24.Nb5 Rac8 25.Bf1 Ne8 26.e5 Nf8 27.f4 f6 28.Rce1 Kf7 29.Nb6 Rc2
30.Nxa4 Ra8 31.Nb6 Ra6 32.Bd4 Rd2 33.Nc4 Rc2 34.Ncd6+ Nxd6 35.Nxd6+ Rxd6
36.exd6 Bxd6 37.Rc3 Ke7 38.Bg2 Rxc3 39.Bxc3 b6 40.Bd4 Bc7  1-0

[Event "Hannover"]
[Site "Hannover"]
[Date "1983.??.??"]
[Round "12"]
[White "Quinteros, Miguel A"]
[Black "Giorgadze, Tamaz"]
[Result "0-1"]
[WhiteElo "2500"]
[BlackElo "2495"]

1.Nf3 d5 2.g3 c6 3.Bg2 Nf6 4.d3 Bg4 5.Nbd2 Nbd7 6.h3 Bh5 7.g4 Bg6 8.Nh4 e6
9.e3 Ng8 10.Nxg6 hxg6 11.Qe2 Bd6 12.b3 Qf6 13.d4 g5 14.Bb2 Ne7 15.O-O-O Ng6
16.Nf3 Qe7 17.c4 a5 18.Qc2 Ba3 19.Bxa3 Qxa3+ 20.Kb1 Qe7 21.cxd5 exd5 22.Bf1 Nh4
23.Nxh4 Rxh4 24.Bd3 Kf8 25.Rde1 Kg8 26.f4 Nf8 27.f5 Nh7 28.e4 dxe4 29.Bxe4 Qd6
30.Qc5 Rh6 31.Bc2 Nf8 32.Qe5 Qd8 33.Qe7 b5 34.Qe3 Nh7 35.Be4 a4 36.b4 Rd6
37.Rd1 Qf6 38.Qc3 Rad8 39.a3 Nf8 40.Rc1 Rxd4 41.Rhe1 Qd6 42.Qxc6 Qf4 43.Re2 R8d6
44.Qe8 Qg3 45.f6 Qxa3 46.Rb2 gxf6  0-1

[Event "Havana"]
[Site "Havana"]
[Date "1983.??.??"]
[Round "8"]
[White "Palacios, Antonio"]
[Black "Remon, Adelquis"]
[Result "1/2-1/2"]
[WhiteElo "2345"]
[BlackElo "2375"]

1.Nf3 d5 2.g3 c5 3.Bg2 Nc6 4.O-O e5 5.d3 Nf6 6.Nbd2 Be7 7.c4 d4 8.b4 cxb4
9.a3 O-O 10.Qb3 a5 11.axb4 Bxb4 12.Ba3 Bd7 13.Rfb1 Qe7 14.Ne1 h5 15.Nc2 h4
16.gxh4 Nh5 17.Bxb4 axb4 18.Rxa8 Rxa8 19.Nxb4 Qxh4 20.Nd5 Na5 21.Qb4 Bh3
22.Bxh3 Qxh3 23.Ne4 Ra6 24.Nd6 Qg4+ 25.Kf1 Nf4 26.Nxf4 Qxf4 27.Qc5 Nc6 28.Qd5 Ne7
29.Qxb7 Qxh2 30.c5 Rc6 31.Ke1 Qg1+ 32.Kd2 Qg5+ 33.Kd1 f5 34.Qa8+ Kh7 35.Rb8 Qg1+
36.Kc2 Kg6 37.Rh8 Qg5 38.Kd1 Qg1+ 39.Kd2 Qg5+ 40.Kd1 Qg1+  1/2-1/2

[Event "Indonesia"]
[Site "Indonesia"]
[Date "1983.??.??"]
[Round "8"]
[White "Gunawan, Ronny"]
[Black "Ardiansyah, Haji"]
[Result "0-1"]
[WhiteElo "2400"]
[BlackElo "2450"]

1.Nf3 d5 2.g3 c5 3.Bg2 Nc6 4.O-O e5 5.c4 Nf6 6.cxd5 Nxd5 7.Nc3 Be6 8.d3 Be7
9.Nxd5 Bxd5 10.Be3 O-O 11.a3 f5 12.Rc1 b6 13.Qa4 Rc8 14.b4 f4 15.Bd2 Bxf3
16.Bxf3 Nd4 17.Bc3 fxg3 18.Bxd4 gxh2+ 19.Kh1 exd4 20.bxc5 Bxc5 21.Qb3+ Kh8
22.a4 Qd6 23.Be4 Qh6 24.Qd5 Rxf2 25.Rxf2 Qxc1+ 26.Kxh2 Qh6+ 27.Kg3 Bd6+ 28.Kg4 Qe3
29.Rg2 Qf4+ 30.Kh3 Qh6+  0-1

[Event "URS-ch sf"]
[Site "Irkutsk"]
[Date "1983.??.??"]
[Round "?"]
[White "Pigusov, Evgeny"]
[Black "Bykhovsky, Avigdor"]
[Result "1-0"]
[WhiteElo "2430"]
[BlackElo "2445"]

1.Nf3 d5 2.g3 Nf6 3.Bg2 c6 4.b3 g6 5.Bb2 Bg7 6.d3 O-O 7.Nbd2 a5 8.a3 b5 9.O-O Qb6
10.Ra2 Bb7 11.c4 c5 12.Qa1 Rd8 13.Rc1 bxc4 14.bxc4 d4 15.Rb1 Qc7 16.Bc1 Bc6
17.Nb3 Nbd7 18.Bf4 Qa7 19.a4 Ne8 20.Bg5 Bf6 21.Bd2 Qc7 22.Rab2 Nd6 23.Qa3 Nb7
24.Ng5 Bxg2 25.Kxg2 Ra7 26.f3 Nb8 27.Nxc5 Nxc5 28.Rxb8 Rxb8 29.Rxb8+ Qxb8
30.Qxc5 Rb7 31.Ne4 Bg7 32.Qxa5 h6 33.g4 Rb2 34.h4 Kh7 35.h5 Rb1 36.Qd5 Qe8
37.hxg6+ fxg6 38.Qe6 Qxa4 39.Qxe7 Qa6 40.g5 hxg5 41.Nxg5+  1-0

[Event "URS-ch sf"]
[Site "Irkutsk"]
[Date "1983.??.??"]
[Round "?"]
[White "Psakhis, Lev"]
[Black "Lputian, Smbat G"]
[Result "1/2-1/2"]
[WhiteElo "2580"]
[BlackElo "2495"]

1.Nf3 d5 2.g3 Nf6 3.Bg2 e6 4.O-O Be7 5.d3 c5 6.Nbd2 Nc6 7.e4 b6 8.Re1 Bb7
9.c3 Qc7 10.Qe2 a5 11.Nf1 dxe4 12.dxe4 Ba6 13.c4 Rd8 14.e5 Nd5 15.a3 Bf8
16.Bd2 h6 17.h4 Nde7 18.b4 Nf5 19.b5 Ncd4 20.Nxd4 Nxd4 21.Qe4 Bc8 22.Bc3 Be7
23.Rad1 O-O 24.Ne3 Rd7 25.Nc2 Rfd8 26.a4 Bb7 27.Qxb7 Qxb7 28.Bxb7 Nxc2 29.Rxd7 Rxd7
30.Rc1 Nd4 31.Bc6 Nxc6 32.bxc6 Rc7 33.h5 Rxc6 34.Rd1 Rc8 35.Kg2 Kf8 36.f4 Bd8
37.Kf3 Ke7 38.g4 Bc7 39.f5 f6 40.exf6+ gxf6 41.Re1  1/2-1/2

[Event "Lvov"]
[Site "Lvov"]
[Date "1983.??.??"]
[Round "?"]
[White "Sveshnikov, Evgeny"]
[Black "Mikhalchishin, Adrian"]
[Result "1/2-1/2"]
[WhiteElo "2505"]
[BlackElo "2465"]

1.g3 d5 2.Nf3 g6 3.Bg2 Bg7 4.d4 Nf6 5.c4 O-O 6.O-O c6 7.cxd5 cxd5 8.Ne5 Ng4
9.f4 Nxe5 10.fxe5 Nc6 11.Nc3 e6 12.e4 dxe4 13.Be3 f5 14.exf6 Rxf6 15.Rxf6 Bxf6
16.Ne2 Nb4 17.Bxe4 Nd5 18.Bf2 Bd7 19.Nc3 Bc6 20.Qg4 Qd6 21.Re1 Re8 22.Bf3 Bg7
23.Ne4 Qb4 24.Ng5 Nf6 25.Qf4 Bxf3 26.Qxf3 Qxb2 27.d5 Qb5 28.Ne4 Nxe4 29.Qxe4 Bc3
30.Re3 Qb4 31.dxe6 Qxe4 32.Rxe4 Kg7 33.Bxa7 Kf6 34.Rc4 Ba5 35.Rc5 b6 36.Rc7 Re7  1/2-1/2

[Event "URS-ch sf"]
[Site "Minsk"]
[Date "1983.??.??"]
[Round "?"]
[White "Kochyev, Alexander"]
[Black "Anikaev, Yuri N"]
[Result "1/2-1/2"]
[WhiteElo "2475"]
[BlackElo "2460"]

1.Nf3 d5 2.g3 Nf6 3.Bg2 Bg4 4.c4 c6 5.cxd5 cxd5 6.Ne5 Bh5 7.Nc3 e6 8.Qa4+ Nfd7
9.g4 Bg6 10.h4 f6 11.Nxg6 hxg6 12.d4 f5 13.Bg5 Qb6 14.O-O Be7 15.Bxe7 Kxe7
16.Qa3+ Kd8 17.h5 Nc6 18.e3  1/2-1/2

[Event "URS-ch sf"]
[Site "Minsk"]
[Date "1983.??.??"]
[Round "?"]
[White "Kochyev, Alexander"]
[Black "Zaitsev, Igor A"]
[Result "1/2-1/2"]
[WhiteElo "2475"]
[BlackElo "2445"]

1.Nf3 d5 2.g3 Nf6 3.Bg2 c5 4.O-O Nc6 5.d3 g6 6.Nbd2 Bg7 7.e4 O-O 8.c3 b6
9.Re1 Bg4 10.Qe2 Qc8 11.Qf1 Qa6 12.h3 Bc8 13.e5 Ne8 14.Qe2 Nc7 15.Nf1 Bf5
16.Rd1 Rad8 17.g4 Bc8 18.Ng3 f6 19.exf6 exf6 20.d4 Qa4 21.Be3 Rfe8 22.Qd2 Bf8
23.Re1 Nb5 24.Ne2 Nd6 25.b3 Qa5 26.Qc2 Ne4 27.Nd2 f5 28.Nxe4 fxe4 29.a3 Qa6
30.c4 dxc4 31.dxc5 Ne5 32.cxb6 axb6 33.Red1 Rxd1+ 34.Rxd1 cxb3 35.Qxb3+  1/2-1/2

[Event "URS-ch sf"]
[Site "Minsk"]
[Date "1983.??.??"]
[Round "?"]
[White "Anikaev, Yuri N"]
[Black "Zaitsev, Igor A"]
[Result "1/2-1/2"]
[WhiteElo "2460"]
[BlackElo "2445"]

1.Nf3 d5 2.g3 Nf6 3.Bg2 c5 4.O-O Nc6 5.c4 dxc4 6.Na3 Qd5 7.Qa4 Bd7 8.Qxc4 g6
9.Qf4 Qh5 10.Nb5 Bh6 11.Qc4 O-O 12.d4 a6 13.Bxh6 Qxh6 14.Nc7 Rac8 15.Nd5 cxd4
16.Nxf6+ exf6 17.Nxd4 Qd2 18.e3 Rfd8 19.Qe2 Qxe2 20.Nxe2 Bg4 21.Nc3 Ne5 22.h3 Bf3
23.Bxf3 Nxf3+ 24.Kg2 Nd2 25.Rfd1 Nc4 26.Rxd8+ Rxd8 27.Rd1 Rc8 28.Rd7 Nxb2
29.Rxb7 Rxc3 30.Rxb2 Ra3 31.Kf3 f5 32.Kf4 Ra5 33.g4 Ra4+ 34.Kg3 fxg4 35.hxg4 h6
36.f4 Kg7 37.Kf3 Kf6 38.Rh2 Kg7 39.Rd2 Kf6 40.Rh2 Kg7 41.Rc2 Ra3 42.Ke4 Kf6
43.Rh2 Kg7  1/2-1/2

[Event "URS-ch sf"]
[Site "Minsk"]
[Date "1983.??.??"]
[Round "?"]
[White "Kochyev, Alexander"]
[Black "Klovans, Janis"]
[Result "1-0"]
[WhiteElo "2475"]
[BlackElo "2450"]

1.Nf3 d5 2.g3 Nf6 3.Bg2 c6 4.c4 dxc4 5.Na3 b5 6.Ne5 Nd5 7.O-O e6 8.d3 cxd3
9.Qxd3 Bd6 10.Ng4 O-O 11.Rd1 f5 12.e4 fxg4 13.exd5 Bxa3 14.dxc6 Qxd3 15.Rxd3 Bc5
16.c7 Bxf2+ 17.Kh1 Na6 18.Bxa8 Nxc7 19.Bg2 Nd5 20.Bf4 Nxf4 21.gxf4 Bb6 22.Rc1 b4
23.Rb3 Ba5 24.Rg3 h5 25.h3 gxh3 26.Rxh3 Bb6 27.Rc4 g6 28.Rg3 Kg7 29.Rxb4 Bd7
30.Rc4 Rb8 31.b4 Kf6 32.Be4 Be8 33.a4 Bxa4 34.Rxg6+ Kf7 35.Rh6 Rd8 36.Rxh5 Rd1+
37.Kg2 Rg1+ 38.Kh2 Rf1 39.Bg2 Rf2 40.Kg3 Rb2 41.Rh7+ Kf6 42.Rh6+ Ke7 43.Bf3 Rc2
44.Rxc2 Bxc2 45.Rh2 Bd3 46.Rd2 Bc4 47.Rc2 Bd3 48.Rc3 Bb5 49.Bc6 Be2 50.Rc2 Bd3
51.Rd2 Bc4 52.Kf3 Kf6 53.Rd7 Bb3 54.Be4 Ba4 55.Rd3 Bc2 56.Ra3 Bd1+ 57.Kg3 Be2
58.Bd3 Bd1 59.Rc3 Bh5 60.Rc8 Ke7 61.Bc4 Bg6 62.Rc6 Bf5 63.Bb3 Kf6 64.Kf3 Bg1
65.Bc2 Bxc2 66.Rxc2 e5 67.Re2 exf4 68.Kxf4 Bb6 69.b5 Bc7+ 70.Kf3 Be5 71.Ke4 Ke6
72.Rg2 Bc7 73.Rg6+ Kd7 74.Kd5 Bb6 75.Rg7+  1-0

[Event "Netanya"]
[Site "Netanya"]
[Date "1983.??.??"]
[Round "5"]
[White "Gutman, Lev"]
[Black "Murrey, Jacob"]
[Result "1/2-1/2"]
[WhiteElo "2475"]
[BlackElo "2500"]

1.Nf3 d5 2.g3 c6 3.Bg2 Bg4 4.Ne5 Bh5 5.d4 Nd7 6.Nd3 e6 7.O-O Bd6 8.Bf4 Bxf4
9.Nxf4 Bg6 10.c4 Bxb1 11.Rxb1 dxc4 12.b3 cxb3 13.Qxb3 Nb6 14.a4 Rb8 15.e4 Ne7
16.Bh3 O-O 17.a5 Nbc8 18.Bxe6 Nd6 19.Rfe1 Nb5 20.d5 Ng6 21.Nxg6 hxg6 22.Bh3 Qxa5
23.Bf1 Nd4 24.Qd3 c5 25.Bg2 b5 26.e5 Qb6 27.Rbd1 Nf5 28.d6 c4 29.Qd5 c3 30.Be4 b4
31.Bxf5 gxf5 32.Qb3 Rfe8 33.e6 Rxe6 34.Rxe6 fxe6 35.Qxe6+ Kh7 36.Qc4 a5 37.Rd4 Qd8
38.Rh4+ Kg6 39.Qd3 Qf6 40.Rc4 Rd8 41.Rg4+ Kf7 42.Qd5+ Kf8 43.Rh4 Qxd6 44.Qxf5+ Qf6
45.Qc5+ Kg8 46.Qh5 Qh6 47.Qf5 Rd1+ 48.Kg2 Qc6+  1/2-1/2

[Event "World op"]
[Site "New York"]
[Date "1983.??.??"]
[Round "?"]
[White "Ivanov, Igor V"]
[Black "Shamkovich, Leonid"]
[Result "1/2-1/2"]
[WhiteElo "2530"]
[BlackElo "2480"]

1.g3 d5 2.Nf3 g6 3.Bg2 Bg7 4.d4 Nf6 5.c4 O-O 6.O-O c6 7.cxd5 cxd5 8.Ne5 Nc6
9.Nc3 e6 10.Bg5 h6 11.Bxf6 Bxf6 12.Nxc6 bxc6 13.Qd2 Bg7 14.Rac1 Qa5 15.Rfd1 Rd8
16.a3 Rb8 17.Na2 Qa4 18.Nb4 Rb6 19.e3 Ba6  1/2-1/2

[Event "Nis"]
[Site "Nis"]
[Date "1983.??.??"]
[Round "9"]
[White "Jansa, Vlastimil"]
[Black "Chandler, Murray G"]
[Result "0-1"]
[WhiteElo "2445"]
[BlackElo "2485"]

1.Nf3 d5 2.g3 Nf6 3.Bg2 c5 4.O-O Nc6 5.d4 e6 6.c4 Be7 7.cxd5 exd5 8.Nc3 O-O
9.dxc5 Bxc5 10.Bg5 d4 11.Bxf6 Qxf6 12.Nd5 Qd8 13.Nd2 Re8 14.Nb3 Bb6 15.Rc1 Be6
16.Nf4 Qd6 17.a3 Rad8 18.Re1 Bg4 19.Nd3 Re7 20.Nbc5 Bxc5 21.Nxc5 b6 22.Nb7 Rxb7
23.Rxc6 Qe5 24.h3 Bf5 25.e4 Bd7 26.f4 Qe7 27.Rc1 Bb5 28.Qd2 Rbd7 29.e5 d3
30.f5 Rd4 31.e6 Bc4 32.exf7+ Qxf7 33.Re5 Bd5 34.Bxd5 R4xd5 35.Rce1 Rxe5 36.Rxe5 Qc7
37.Re3 Qc2 38.Qe1 Qc5 39.Kh2 Qxf5 40.Re8+ Rxe8 41.Qxe8+ Qf8 42.Qe6+ Kh8 43.Qe3 Qd8
44.Qd2 h6 45.Kg2 Kh7 46.Kf2 Qd4+ 47.Kf1 Kg6 48.Kg2 Qe4+ 49.Kf2 Qd5 50.Kg1 Qf3
51.Qe1 d2  0-1

[Event "Nordic-tt"]
[Site "Oslo"]
[Date "1983.??.??"]
[Round "?"]
[White "Ziska, S."]
[Black "Holm Petersen, Sejer"]
[Result "0-1"]
[WhiteElo "2205"]
[BlackElo "2375"]

1.Nf3 d5 2.g3 c5 3.Bg2 Nc6 4.d4 Nf6 5.O-O e6 6.c3 Be7 7.Nbd2 O-O 8.e3 b6
9.Ne5 Bb7 10.f4 Qc7 11.Bh3 Rad8 12.Qe2 Ne8 13.Ndf3 Nd6 14.Bd2 Qc8 15.Rfd1 Rfe8
16.Be1 Bf8 17.dxc5 bxc5 18.Rac1 f6 19.Nxc6 Qxc6 20.Bg2 Qb6 21.Bf2 Ne4 22.Ne1 a5
23.Bxe4 dxe4 24.c4 f5 25.b3 g6 26.g4 Qc6 27.Bh4 Rd3 28.Kf2 e5 29.fxe5 fxg4
30.Nxd3 exd3 31.Rxd3 Rxe5 32.Qxg4 Rf5+ 33.Ke2 Qe6 34.Rd5 Rf2+ 35.Kxf2 Qxg4  0-1

[Event "Bayern-ch"]
[Site "Pang"]
[Date "1983.??.??"]
[Round "?"]
[White "Backwinkel, Paul"]
[Black "Pachman, Ludek"]
[Result "0-1"]
[WhiteElo "2330"]
[BlackElo "2455"]

1.Nf3 d5 2.g3 g6 3.Bg2 Bg7 4.O-O e5 5.d3 Ne7 6.e4 O-O 7.Nc3 d4 8.Ne2 c5 9.c4 a6
10.Bd2 b5 11.Qc2 bxc4 12.Qxc4 Nd7 13.Rfc1 a5 14.Ne1 Ba6 15.Qc2 a4 16.Bh3 Bb5
17.Bxd7 Qxd7 18.Qxc5 Rfc8 19.Qb4 Rcb8 20.Qc5 Rb7 21.Qc2 Nc6 22.a3 Na5 23.Bxa5 Rxa5
24.Qd2 Ra8 25.Kg2 Rab8 26.Ng1 Qe6 27.Ngf3 Bd7 28.Rc2 f6 29.Qc1 Rb5 30.Nd2 Bh6
31.Qd1 Rxb2 32.Nc4 R2b3 33.Nf3 Qh3+ 34.Kg1 Bg4 35.Ncd2 Rxd3 36.Rb1 Rbb3 37.Qe1 Bxf3
38.Nxf3 Rxf3 39.Rc7 Rxf2  0-1

[Event "ARG-ch U26"]
[Site "Pehuaj"]
[Date "1983.??.??"]
[Round "?"]
[White "Casafus, Ruben"]
[Black "Garbarino, Rodolfo"]
[Result "0-1"]
[WhiteElo "2330"]
[BlackElo "2315"]

1.Nf3 d5 2.g3 Nc6 3.Bg2 e5 4.O-O e4 5.Ne1 Nf6 6.d3 Bf5 7.a3 Bd6 8.Nc3 Be5
9.Bd2 Qd7 10.b4 h5 11.h4 O-O-O 12.Rb1 Ne7 13.Qc1 Bg4 14.f4 Bxc3 15.Bxc3 d4
16.Bb2 Nf5 17.dxe4 Nxg3 18.Qd2 Nxf1 19.Kxf1 Bh3 20.Qd3 Bxg2+ 21.Nxg2 Rhe8
22.e5 Ng4 23.Rd1 Ne3+ 24.Nxe3 dxe3 25.Qxd7+ Rxd7 26.Rd3 g6 27.Kg2 Rxd3 28.cxd3 Re6
29.Kf3 Rc6 30.Bd4 Ra6 31.Kxe3 Rxa3 32.f5 gxf5  0-1

[Event "ARG-ch U26"]
[Site "Pehuaj"]
[Date "1983.??.??"]
[Round "?"]
[White "Tempone, Marcelo"]
[Black "Garbarino, Rodolfo"]
[Result "1/2-1/2"]
[WhiteElo "2330"]
[BlackElo "2315"]

1.Nf3 d5 2.g3 Nc6 3.d4 Bg4 4.Bg2 Qd7 5.O-O Bh3 6.c4 Bxg2 7.Kxg2 e6 8.Nc3 Nf6
9.Ne5 Nxe5 10.dxe5 Ne4 11.Nxe4 dxe4 12.Qxd7+ Kxd7 13.Be3 f5 14.exf6 gxf6
15.Rfd1+ Kc6 16.Bd4 e5 17.Bc3 a5 18.Rd5 b6 19.a4 Bc5 20.Rad1 h5 21.h4 Rhg8
22.e3 Rae8 23.Rd7 Bd6 24.Rh7 Rh8 25.Rxh8 Rxh8 26.b3  1/2-1/2

[Event "EU-chT Plovdiv"]
[Site "Plovdiv"]
[Date "1983.??.??"]
[Round "1"]
[White "Ost Hansen, Jacob"]
[Black "Chandler, Murray G"]
[Result "1/2-1/2"]
[WhiteElo "2415"]
[BlackElo "2500"]

1.g3 d5 2.Nf3 Nf6 3.Bg2 c6 4.b3 Bg4 5.Bb2 Nbd7 6.O-O e6 7.c4 Bd6 8.d3 O-O
9.Nbd2 Qe7 10.h3 Bh5 11.a3 e5 12.cxd5 cxd5 13.e4 dxe4 14.dxe4 Rac8 15.Nc4 Bc5
16.Qe2 b5 17.Ne3 Qe6 18.Nd5 Nxd5 19.exd5 Qxd5 20.Rad1 Bxf3 21.Bxf3 Qe6 22.Qxb5 Nf6
23.Bg2 Rfe8 24.Rde1 Qd6 25.Rc1  1/2-1/2

[Event "EU-chT Plovdiv"]
[Site "Plovdiv"]
[Date "1983.??.??"]
[Round "4"]
[White "Ost Hansen, Jacob"]
[Black "Beliavsky, Alexander G"]
[Result "1-0"]
[WhiteElo "2415"]
[BlackElo "2570"]

1.g3 d5 2.Nf3 c6 3.Bg2 Nf6 4.O-O Bf5 5.b3 e6 6.Bb2 a5 7.a4 h6 8.d3 Be7 9.Nbd2 O-O
10.e3 Nbd7 11.Qe2 Nc5 12.Ne5 Bh7 13.f4 Rc8 14.Ndf3 Ne8 15.Bh3 Nc7 16.Nd4 f6
17.Nef3 Ra8 18.Qd2 Qe8 19.f5 e5 20.Ne2 Qd7 21.Nh4 Rfb8 22.Bg2 Re8 23.Bf3 Red8
24.Bh5 Ne8 25.g4 Nd6 26.Ng3 Nf7 27.Ng6 Bd6 28.Qg2 Qc7 29.Ne2 Rab8 30.Kh1 b5
31.axb5 Rxb5 32.Nc3 Rb7 33.Ra2 Nd7 34.e4 d4 35.Na4 Nc5 36.Rfa1 Nxa4 37.Rxa4 Bb4
38.h4 Ra8 39.Bc1 Qd8 40.Bb2 Ra6 41.Rg1 Bd6 42.Bc1 Rb4 43.Bd2 Rxa4 44.bxa4 Bb4
45.Bc1 Bd6 46.g5 fxg5 47.hxg5 Nxg5 48.c3 Bxg6 49.Bxg5 hxg5 50.Bxg6 Qf6 51.Rb1 Ra7
52.Qh2 Bc7 53.cxd4 g4 54.Kg2 Kf8 55.Qh8+ Ke7 56.Qe8+ Kd6 57.Rc1  1-0

[Event "Poznan"]
[Site "Poznan"]
[Date "1983.??.??"]
[Round "2"]
[White "Jankovec, Ivan"]
[Black "Kupka, Slavoj"]
[Result "1/2-1/2"]
[WhiteElo "2345"]
[BlackElo "2360"]

1.Nf3 d5 2.g3 Nf6 3.Bg2 c6 4.O-O Bf5 5.b3 h6 6.Bb2 e6 7.d3 Be7 8.c4 O-O 9.Nbd2 a5
10.a3 Na6 11.Qc2 Nd7 12.Rfc1 Bf6 13.Bxf6 Qxf6 14.Rab1  1/2-1/2

[Event "Prague"]
[Site "Prague"]
[Date "1983.??.??"]
[Round "12"]
[White "Neckar, Lubomir"]
[Black "Meduna, Eduard"]
[Result "0-1"]
[WhiteElo "2425"]
[BlackElo "2475"]

1.Nf3 d5 2.g3 c6 3.Bg2 Bg4 4.b3 Nd7 5.Bb2 Ngf6 6.d3 e6 7.Nbd2 Bc5 8.O-O O-O
9.h3 Bh5 10.a3 Qe7 11.b4 Bb6 12.e4 a5 13.e5 Ne8 14.bxa5 Rxa5 15.a4 Nc7 16.Nb3 Ra6
17.a5 Ba7 18.Qe2 Ra8 19.Kh1 b6 20.g4 Bg6 21.Nfd4 bxa5 22.Rxa5 Bxd4 23.Rxa6 Rxa6
24.Bxd4 c5 25.Bc3 h5 26.f4 hxg4 27.hxg4 Bh7 28.Ra1 Rxa1+ 29.Bxa1 Qh4+ 30.Kg1 g5
31.f5 exf5 32.e6 Nxe6 33.Bxd5 Qxg4+ 34.Qxg4 fxg4 35.Bxe6 fxe6 36.Kf2 Kf7
37.Kg3 Bf5 38.Bb2 e5 39.Ba3 c4 40.dxc4 Nf6 41.Nc5 Nh5+ 42.Kg2 Bxc2 43.Bb2 Kf6
44.Nd7+ Kf5 45.Nxe5 Be4+ 46.Kg1 g3 47.Nf7 Kg4 48.Ne5+ Kh4 49.Bc1 Nf4 50.Be3 Nh3+
51.Kf1 g2+ 52.Ke2 g1=Q 53.Bxg1 Nxg1+ 54.Ke3 Bf5 55.c5 g4 56.c6 g3 57.c7 Kh3
58.Nd3 Kh2 59.Ne1 Bc8 60.Kf4 Nh3+ 61.Ke5 Kg1 62.Nf3+ Kf2 63.Nh4 Ng5  0-1

[Event "Reggio Emilia8384"]
[Site "Reggio Emilia"]
[Date "1983.??.??"]
[Round "11"]
[White "Vukic, Milan"]
[Black "Formanek, Edward W"]
[Result "1-0"]
[WhiteElo "2470"]
[BlackElo "2325"]

1.Nf3 d5 2.g3 c5 3.c4 Nf6 4.cxd5 Nxd5 5.Bg2 Nc6 6.O-O e6 7.d4 Nb6 8.dxc5 Qxd1
9.Rxd1 Bxc5 10.Nc3 Be7 11.Bf4 O-O 12.Rac1 f6 13.Nb5 e5 14.Be3 Bg4 15.Kf1 Rfd8
16.Rxd8+ Nxd8 17.Nd2 Bd7 18.Nxa7 Rxa7 19.Bxb6 Ra6 20.Bxd8 Bxd8 21.Bxb7 Rb6
22.Bd5+ Kf8 23.Bb3 Bh3+ 24.Ke1 f5 25.Rc5 e4 26.Nc4 Rh6 27.Ne5 Ra6 28.Rc8 Ke7
29.Nc6+ Kd7 30.Rxd8+ Kxc6 31.Rf8  1-0

[Event "BCF-ch"]
[Site "Southport"]
[Date "1983.??.??"]
[Round "3"]
[White "Nasir Ali, Syed"]
[Black "Jackson, Sheila"]
[Result "1-0"]
[WhiteElo "2345"]
[BlackElo "2195"]

1.Nf3 d5 2.g3 Nf6 3.Bg2 Bf5 4.c4 e6 5.Qb3 Qc8 6.Nc3 c6 7.d3 h6 8.O-O Be7
9.Re1 O-O 10.e4 dxe4 11.dxe4 Bh7 12.a3 Nbd7 13.Qc2 Qc7 14.b3 Rad8 15.b4 e5
16.Bb2 Rfe8 17.c5 Nf8 18.Bh3 N6d7 19.Nb1 b6 20.cxb6 axb6 21.Nbd2 Kh8 22.Rac1 Rc8
23.Nc4 f6 24.Nh4 g6 25.Red1 Red8 26.Qd2 Kg7 27.f4 Ra8 28.Qf2 Bg8 29.fxe5 fxe5
30.Bxd7 Bxc4 31.Rxc4 Nxd7 32.Nxg6 Kxg6 33.Qf5+ Kg7 34.Rxd7 Qxd7 35.Bxe5+ Bf6
36.Bxf6+ Kg8 37.Qg6+ Kf8 38.Qxh6+ Kf7 39.Qg7+ Ke6 40.Rxc6+  1-0

[Event "BCF-ch"]
[Site "Southport"]
[Date "1983.??.??"]
[Round "5"]
[White "Davies, Nigel R"]
[Black "Chandler, Murray G"]
[Result "1/2-1/2"]
[WhiteElo "2375"]
[BlackElo "2485"]

1.Nf3 d5 2.g3 Nf6 3.Bg2 c6 4.d3 Bg4 5.h3 Bh5 6.g4 Bg6 7.Nh4 e5 8.e3 Bd6 9.Nc3 Na6
10.Qe2 Nd7 11.Nxg6 hxg6 12.Bd2 Qe7 13.O-O-O f5 14.f4 e4 15.dxe4 dxe4 16.h4 O-O-O
17.h5 gxh5 18.gxf5 Nf6 19.Qc4 Nc5 20.Be1 b5 21.Qe2 Bc7 22.Rd4 Rxd4 23.exd4 Bxf4+
24.Kb1 Nb7 25.Bh4 Nd6 26.Rf1 Bh6 27.Bxf6 gxf6 28.Nxe4 Nxe4 29.Bxe4  1/2-1/2

[Event "BCF-ch"]
[Site "Southport"]
[Date "1983.??.??"]
[Round "7"]
[White "Hebert, Jean"]
[Black "Nasir Ali, Syed"]
[Result "1/2-1/2"]
[WhiteElo "2430"]
[BlackElo "2345"]

1.Nf3 d5 2.g3 c6 3.Bg2 Bf5 4.O-O Nd7 5.d3 h6 6.Nbd2 Ngf6 7.b3 e6 8.Bb2 Be7
9.e4 dxe4 10.dxe4 Bh7 11.Qe2 O-O 12.a3 a5 13.Rad1 Qc7 14.e5 Nd5 15.c4 N5b6
16.Ne4 Bxe4 17.Qxe4 Nc5 18.Qc2 Rfd8 19.Nd4 Nbd7 20.f4 Nf8 21.h4 Rd7 22.Kh2 f5
23.b4 axb4 24.axb4 Na6 25.b5 Nb4 26.Qb1 c5 27.Nxe6 Nxe6 28.Qxf5 Nd4 29.Bxd4 Rxd4
30.Qe6+ Kh8 31.Rxd4 cxd4 32.Be4 Qd8 33.Qg6 Qg8 34.f5 Qe8 35.Qxe8+ Rxe8 36.Bxb7 Bc5
37.e6 d3 38.Bf3 Rd8 39.Rb1 Rb8 40.g4 Rb6 41.Ra1 Rb8 42.Kg3 d2 43.g5 Nc2 44.Rb1 Ne3
45.f6 Nxc4 46.e7 gxf6 47.gxf6 Nd6 48.Kf4 Bd4 49.f7 Nxf7 50.Kf5 Bc5 51.Ke6 Nd6
52.Bc6 Kg7 53.Rd1  1/2-1/2

[Event "SWE-ch"]
[Site "?"]
[Date "1983.??.??"]
[Round "?"]
[White "Schussler, Harry"]
[Black "Olsson, Ake"]
[Result "1/2-1/2"]
[WhiteElo "2485"]
[BlackElo "2200"]

1.Nf3 d5 2.g3 Nf6 3.Bg2 g6 4.O-O Bg7 5.d3 O-O 6.Nbd2 Nc6 7.e4 Bg4 8.h3 Bxf3
9.Qxf3 e6 10.Qe2 a5 11.a4 Re8 12.c3 Nd7 13.Nb3 d4 14.Bd2 Ra6 15.c4 Rb6 16.Qd1 Bf8
17.Qc2 Nc5 18.Nxc5 Bxc5 19.Bf4 Nb8 20.h4 Nd7 21.e5 Bf8 22.Rab1 Qe7 23.b3 Bg7
24.Rfe1 Qc5 25.Qe2 c6 26.h5 Qf8 27.hxg6 fxg6 28.Bh3 Bh6 29.Bxh6 Qxh6 30.Kg2 Nc5
31.f4  1/2-1/2

[Event "SWE-ch"]
[Site "?"]
[Date "1983.??.??"]
[Round "?"]
[White "Schussler, Harry"]
[Black "Renman, Nils Gustaf"]
[Result "1/2-1/2"]
[WhiteElo "2485"]
[BlackElo "2405"]

1.Nf3 d5 2.g3 Nf6 3.Bg2 c6 4.O-O Bf5 5.d3 e6 6.Nbd2 h6 7.e3 Be7 8.Qe2 O-O
9.e4 Bh7 10.Re1 Na6 11.e5 Nd7 12.Nf1 Qc7 13.Bf4 c5  1/2-1/2

[Event "URS-FL"]
[Site "Tallinn"]
[Date "1983.??.??"]
[Round "?"]
[White "Podgaets, Mikhail"]
[Black "Ubilava, Elizbar"]
[Result "1/2-1/2"]
[WhiteElo "2450"]
[BlackElo "2465"]

1.Nf3 d5 2.g3 Nf6 3.Bg2 Bf5 4.O-O e6 5.d3 Be7 6.Nbd2 h6 7.Qe1 O-O 8.e4 Bh7
9.Qe2 c5 10.Ne5 Nbd7 11.Nxd7 Qxd7 12.e5 Ne8 13.f4 Nc7 14.Nf3 d4 15.Nd2 Nd5
16.Ne4 b5 17.g4 c4 18.Qf2 cxd3 19.cxd3 Nb4 20.Qg3 Nc2 21.f5 exf5 22.gxf5 Kh8
23.f6 gxf6 24.exf6 Rg8 25.Qf2 Ne3 26.Bxe3 dxe3 27.Qxe3 Bd8 28.Kh1 Bb6 29.Qxh6 Rg6
30.Qh5 Rag8 31.Ng3 Rg5 32.Qh6 R5g6 33.Qh5 Be3 34.Qe5 Re8 35.Qh5 Rh6 36.Qf3 Bd4
37.Rae1 Rg8 38.Qf4 Rxf6 39.Qh4 Qd8 40.Rxf6 Qxf6 41.Qxf6+ Bxf6 42.Be4 Rc8
43.Bxh7 Kxh7 44.Re2  1/2-1/2

[Event "URS-FL"]
[Site "Tallinn"]
[Date "1983.??.??"]
[Round "?"]
[White "Yurtaev, Leonid"]
[Black "Ubilava, Elizbar"]
[Result "0-1"]
[WhiteElo "2360"]
[BlackElo "2465"]

1.Nf3 d5 2.g3 Bg4 3.Bg2 e6 4.d3 Nf6 5.Nbd2 Be7 6.h3 Bh5 7.g4 Bg6 8.Nh4 Nfd7
9.Nxg6 hxg6 10.e4 c6 11.O-O g5 12.Nf3 dxe4 13.dxe4 e5 14.Qd2 f6 15.Nh2 Na6
16.Rd1 Qc7 17.Nf1 O-O-O 18.Qe2 Nac5 19.Ne3 Ne6 20.Nf5 Bf8 21.Qc4 Re8 22.b4 g6
23.Ng3 Nf4 24.Rb1 Re7 25.b5 cxb5 26.Qxb5 Reh7 27.Be3 a6 28.Qb3 Bc5 29.Bf1 Bxe3
30.Qxe3 Nc5 31.Rb4 Kb8 32.Rdb1 Nxh3+ 33.Bxh3 Rxh3 34.Rb6 Rf8 35.Qf3 Rh7 36.Rxf6 Rhf7
37.Rbb6 Qxb6 38.Rxf7 Rxf7 39.Qxf7 Qb1+ 40.Kg2 Qxc2  0-1

[Event "Keres mem"]
[Site "Tallinn"]
[Date "1983.??.??"]
[Round "15"]
[White "Karner, Hillar"]
[Black "Arnason, Jon L"]
[Result "0-1"]
[WhiteElo "2405"]
[BlackElo "2460"]

1.Nf3 d5 2.g3 g6 3.Bg2 Bg7 4.O-O Nf6 5.d3 O-O 6.c3 Nc6 7.b4 a6 8.Nbd2 Ne8
9.Qb3 e5 10.e4 dxe4 11.dxe4 Be6 12.Qc2 Nd6 13.a3 a5 14.Bb2 f5 15.exf5 gxf5
16.Nb3 Bc4 17.Rfd1 e4 18.Nfd4 a4 19.Nc5 Qe8 20.Nxf5 Rxf5 21.Nxe4 Bb3 22.Nxd6 Bxc2
23.Nxe8 Rxe8 24.Rd2 Bb3 25.f4 Rf7 26.Rc1 Rfe7 27.Kf2 Bc4 28.Bf3 Bh6 29.Bh5 Rf8
30.Rcd1 b5 31.Kg2 Bb3 32.Rf1 Rd8 33.Rff2 Bd5+ 34.Kh3 Re3 35.Rde2 Rxe2 36.Rxe2 Bc4
37.Re1 Kf8 38.Bc1 Bg7 39.f5 Bxc3 40.Bh6+ Kg8 41.Re8+ Rxe8 42.Bxe8 Ne5 43.g4 Bb2  0-1